000 00429nam a2200169 i 4500
001 141821
003 ES-MaACL
005 20230906200357.0
007 t|
008 070928s1948 sp ||||1| cat d
080 _a863-14"19"
100 1 _aVinyoli, Joan.
_9115354
245 1 0 _aDe vida i somni /
_cJoan Vinyoli.
250 _a[1ยช ed.].
260 _aBarcelona :
_b[s.n.],
_c1948.
852 _aES-MaACL
_j1886-F-15
_bR.26089
999 _c141821
_d141821